00511nam a22001817a 4500003000400000008004100004082002000045100002700065245010600092260003900198300001000237502001700247650001300264650001000277650002000287650001100307650001100318OSt260505b |||||||| |||| 00| 0 eng d a633.15958bK98W aKumar, Shambhu Sharan. aWeed Management in Winter Maize (Zea mays L.) Based Intercropping Systems / cby Shambhu Sharan Kumar a.- Pusa, Samastipurb: RAUc, 2012 a165p. bPh. D.d2012 aAgronomy aMaize aWeed Management aThesis aPh. D.